|
|
|
|
| LEADER |
01073nam a2200289 a 4500 |
| 001 |
2014606 |
| 003 |
BD-DhAAL |
| 005 |
20241008104756.0 |
| 008 |
241007t1992 ilua 001 0 eng |
| 010 |
|
|
|a 91021169
|
| 020 |
|
|
|a 0256070121
|
| 040 |
|
|
|a DLC
|c DLC
|d DLC
|d BD-DhAAL
|
| 050 |
0 |
0 |
|a HB172
|b .D44 1991
|
| 082 |
0 |
0 |
|a 338.5
|2 20
|
| 100 |
1 |
|
|a Denzau, Arthur.
|9 56919
|
| 245 |
1 |
0 |
|a Microeconomic analysis :
|b markets & dynamics /
|c Arthur T. Denzau.
|
| 260 |
|
|
|a Homewood, IL :
|b Irwin,
|c c1992.
|
| 300 |
|
|
|a xxiv, 854 pages :
|b ill. (some col.) ;
|c 24 cm.
|
| 504 |
|
|
|a Includes bibliographical references and index.
|
| 541 |
|
|
|a Donation from the Asia Foundation/ Savar Campus
|e 43521
|
| 650 |
|
0 |
|a Microeconomics.
|
| 650 |
|
0 |
|a Decision making.
|
| 650 |
|
0 |
|a Competition.
|
| 650 |
|
0 |
|a Economics.
|
| 942 |
|
|
|2 ddc
|c BK
|
| 999 |
|
|
|c 46990
|d 46990
|
| 952 |
|
|
|0 0
|1 0
|2 ddc
|4 0
|6 338_500000000000000_DEN
|7 0
|9 76673
|a SCL
|b SCL
|c GEN
|d 2024-10-07
|e Donation from the Asia Foundation/ Savar Campus
|l 0
|o 338.5 DEN
|p 3020043521
|r 2024-10-07
|t 1
|w 2024-10-07
|y BK
|x Price not available in register.
|